| 000 | 01073 a2200277 4500 | ||
|---|---|---|---|
| 003 | OSt | ||
| 005 | 20180116192350.0 | ||
| 008 | 120601t xxu||||| |||| 00| 0 eng d | ||
| 010 | _a 2008037263 | ||
| 020 | _a9781580932011 (pbk.) | ||
| 040 | _c0 | ||
| 082 | 0 | 0 | _a709.79494 |
| 245 | 0 | 0 |
_aEveryday urbanism / _cedited by John Chase, Margaret Crawford, and John Kaliski. |
| 250 | _aExpanded ed. | ||
| 260 |
_aNew York : _bMonacelli Press, _c2008. |
||
| 300 |
_a224 p. : _bchiefly col. ; _c24 cm. |
||
| 650 | 0 |
_aArchitecture _xHuman factors _zCalifornia _zLos Angeles. _93594 |
|
| 650 | 0 |
_aCity planning _xSocial aspects _zCalifornia _zLos Angeles. _93595 |
|
| 650 | 0 |
_aCity planning _zCalifornia _zLos Angeles _xHistory _y20th century. _93596 |
|
| 700 | 1 |
_aChase, John, _d1953- _93597 |
|
| 700 | 1 |
_aCrawford, Margaret, _d1948- _93598 |
|
| 700 | 1 |
_aKaliski, John. _93599 |
|
| 856 | 4 | 1 |
_3Table of contents only _uhttp://www.loc.gov/catdir/toc/fy0903/2008037263.html |
| 942 |
_aSADA _cBK _k709.79494 EVE 2008 _2ddc |
||
| 999 |
_c352918 _d352918 |
||